| 000 | 01602nim a2200349 i 4500 | ||
|---|---|---|---|
| 001 | 197151 | ||
| 003 | ES-MaACL | ||
| 005 | 20250828062546.0 | ||
| 007 | ss lsnjlcipnne | ||
| 008 | 290425s1990 sp nnnn |||| 00| spa d | ||
| 040 |
_bspa _cES-MaACL |
||
| 100 |
_9238755 _aSánchez Gatell, Eduardo _eaut |
||
| 245 | 0 | 0 |
_aLa adicción a las drogas, un problema de comportamiento _h[Grabación sonora] ; _btercera conferencia / _cpor Eduardo Sánchez Gatell, psicólogo experto en toxicodependencias ; presenta José Francisco Hernández Guimerá. |
| 260 |
_aMadrid : _bAteneo de Madrid, _c1990 |
||
| 300 |
_a1 casete (ca. 90 min) : _bson. ; _c11 cm |
||
| 490 | 1 | _3Actos culturales en el Ateneo de Madrid | |
| 518 | _aGrabado el 23 de enero de 1990 en el Salón de Actos del Ateneo de Madrid. | ||
| 520 | _aConferencia enmarcada dentro del ciclo de drogodependencias, organizada por la Sección de Farmacia del Ateneo de Madrid los días 16 al 25 de enero de 1990. | ||
| 540 | _aDocumento inédito | ||
| 594 | _5Datos basados en la invitación. | ||
| 610 | 2 | 0 |
_aAteneo de Madrid- _xActos culturales- _y1990- _vGrabaciones sonoras _9240083 |
| 650 | 4 |
_911978 _aDrogas- _xConsumo |
|
| 653 | _aArchivo de la palabra | ||
| 655 | 0 |
_aConferencias _9234444 |
|
| 700 |
_aHernández Guimerá, José Francisco _9240143 _epres |
||
| 710 | 2 |
_aAteneo de Madrid. _ehis _91991 _bSección de Farmacia |
|
| 830 | 0 |
_aActos culturales en el Ateneo de Madrid _9240237 |
|
| 852 |
_aES-MaACL _cDEPOZ _9205137 |
||
| 942 |
_2udc _n0 _cCINTASAUD |
||
| 999 |
_c197151 _d197151 |
||